Quizzes
Events
Quiz Creation
Community
Videos
Private Events
Remove Ads
Sign In
Join for FREE
Feedback
Dark Mode
Quiz Categories
Sports
Geography
Music
Movies
Television
Just For Fun
Miscellaneous
History
Literature
Language
Science
Gaming
Entertainment
Religion
Holiday
For Kids
Quiz Lab
Recent
Popular Today
Quiz Kudos Today
Editor Picks
Curator Picks
Quizzes by...
Day
Popularity
Type
Ratings
Length
Year
Community
Subscriptions
Recent Discussions
Orange Saloon
Badges
Playlists
Quests
Create
Leaderboards
Showdown
Live 5
Trivia Bingo
Activity
Puzzle Library
Sporcle Events
Private Events
Virtual Trivia
Globe League
Become a Host
Pub Owners
SporcleCon
Opinionation
Our Games
Videos
Blog
Mobile Apps
Partnerships
Remove Ads and Go Orange
Feedback
Sports
Athletes
MLB
NBA
NHL
NFL
Soccer
Sports Teams
WWE
NCAA
Football
Premier League
Basketball
Baseball
Hockey
Golf
Tennis
Cricket
Rugby
Auto Racing
Olympics
World Cup
Sports
Athletes
MLB
NBA
NHL
NFL
Soccer
Sports Teams
WWE
NCAA
Football
Premier League
Basketball
Baseball
Hockey
Golf
Tennis
Cricket
Rugby
Auto Racing
Olympics
World Cup
Random Quiz
Search Sporcle
×
Quiz Lab
Quiz Lab
Sports
NFL
Type in answers that appear in a list
Type in answers that appear in a list
Classic
Best Score? Go Orange.
Super Bowl Backup Quarterbacks Stats
Can you name the Super Bowl Backup Quarterbacks?
By
prs85
10m
88 Questions
124 Plays
124 Plays
124 Plays
Comments
Comments
Give Quiz Kudos
Give Quiz Kudos
-
- Ratings
hide this ad
More Info
Replay
Link that replays current quiz
Next Quiz
Link to next quiz in quiz playlist
You Got
0%
They Got
Avg Score
33%
Avg Friend Score
Upgrade to see
Score Distribution
Jump to the score distribution portion of the page
Score
0/88
Timer
10:00
0
Plays Today
Team
Name
% Correct
San Francisco 49ers
Steve Young
73.4%
New England Patriots
Drew Bledsoe
70.2%
San Francisco 49ers
Alex Smith
70%
Pittsburgh Steelers
Charlie Batch
67.7%
Dallas Cowboys
Danny White
62.1%
Tampa Bay Buccaneers
Rob Johnson
61.3%
New Orleans Saints
Mark Brunell
60.5%
Baltimore Colts, Miami Dolphins
Earl Morrall
58.9%
Buffalo Bills
Frank Reich
58.9%
New England Patriots
Matt Cassel
58.1%
Green Bay Packers
Matt Flynn
57.3%
Seattle Seahawks
Tarvaris Jackson
54.4%
Dallas Cowboys
Craig Morton
53.2%
Denver Broncos
Brock Osweiler
52.9%
Baltimore Colts
Johnny Unitas
51.6%
Baltimore Ravens
Tony Banks
50.8%
Indianapolis Colts
Jim Sorgi
50.8%
Pittsburgh Steelers
Byron Leftwich
50.8%
Dallas Cowboys, New York Giants
Jason Garrett
50%
Pittsburgh Steelers
Tommy Maddox
50%
New England Patriots
Steve Grogan
49.2%
Denver Broncos
Brian Griese
49.2%
Chicago Bears
Brian Griese
49.2%
Indianapolis Colts
Curtis Painter
47.6%
Pittsburgh Steelers
Kordell Stewart
46.8%
Los Angeles Raiders
Marc Wilson
46%
Dallas Cowboys
Wade Wilson
46%
Arizona Cardinals
Matt Leinart
46%
New England Patriots
Brian Hoyer
44.4%
Denver Broncos
Gary Kubiak
43.5%
Team
Name
% Correct
Washington Redskins
Jay Schroeder
43.5%
Denver Broncos
Bubby Brister
43.5%
Atlanta Falcons
Steve DeBerg
43.5%
Pittsburgh Steelers
Dennis Dixon
43.5%
New York Giants
David Carr
42.7%
Miami Dolphins
Don Strock
41.1%
San Francisco 49ers
Elvis Grbac
40.3%
Dallas Cowboys
Roger Staubach
39.5%
Philadelphia Eagles
Koy Detmer
38.7%
Seattle Seahawks
Seneca Wallace
38.7%
Dallas Cowboys
Steve Beuerlein
37.1%
Dallas Cowboys
Bernie Kosar
37.1%
Green Bay Packers
Steve Bono
37.1%
Carolina Panthers
Rodney Peete
37.1%
Baltimore Ravens
Tyrod Taylor
35.7%
Tampa Bay Buccaneers
Shaun King
35.5%
New York Giants
Jared Lorenzen
34.7%
Pittsburgh Steelers
Joe Gilliam
33.1%
Pittsburgh Steelers
Mike Tomczak
33.1%
Green Bay Packers
Jim McMahon
33.1%
Washington Redskins
Sonny Jurgensen
32.3%
Chicago Bears
Steve Fuller
31.5%
Tennessee Titans
Neil O'Donnell
31.5%
Green Bay Packers
Zeke Bratkowski
30.6%
Kansas City Chiefs
Jacky Lee
28.2%
Minnesota Vikings
Bob Lee
28.2%
New England Patriots
Scott Zolak
27.4%
Los Angeles Rams
Pat Haden
26.6%
Pittsburgh Steelers
Terry Hanratty
25.8%
St. Louis Rams
Jamie Martin
25.8%
Team
Name
% Correct
Oakland Raiders
George Blanda
25%
San Francisco 49ers, New York Giants
Matt Cavanaugh
22.6%
Buffalo Bills, San Diego Chargers
Gale Gilbert
22.6%
Los Angeles Rams, New York Giants, Washington Redskins
Jeff Rutledge
21.8%
Cincinnati Bengals
Jack Thompson
19.4%
Cincinnati Bengals
Turk Schonert
19.4%
Denver Broncos
Norris Weese
18.5%
New England Patriots
Rohan Davey
17.7%
Dallas Cowboys
Clint Longley
16.9%
Kansas City Chiefs
Tom Flores
15.3%
Oakland Raiders
Dan Pastorini
15.3%
Minnesota Vikings
Gary Cuozzo
13.7%
New York Jets
Babe Parilli
12.9%
Oakland Raiders
David Humm
12.1%
Oakland Raiders
Marques Tuiasosopo
12.1%
Green Bay Packers
Don Horn
9.7%
Pittsburgh Steelers
Mike Kruczek
8.9%
Minnesota Vikings
Bob Berry
8.1%
Dallas Cowboys
Glenn Carano
8.1%
Philadelphia Eagles
Joe Pisarcik
8.1%
St. Louis Rams
Paul Justin
8.1%
San Francisco 49ers
Guy Benjamin
7.3%
Washington Redskins
Bob Holly
6.5%
Kansas City Chiefs
Pete Beathard
4.8%
Miami Dolphins
George Mira
4.8%
Oakland Raiders
Mike Rae
4.8%
Denver Broncos
Craig Penrose
4%
Miami Dolphins
Jim Del Gaizo
0%
Quiz Playlist
Details
Report
Send in Message
Add To Playlist
More Info:
Name the backup quarterbacks for each of the Super Bowl teams. All quarterbacks on roster are listed, whether they played in the game or were active.
Classic:
Type in answers that appear in a list
Quiz Source
Last Updated: Feb 16, 2017
Quiz Scoreboard
CHALLENGE
Sign Up to Join the Scoreboard
Show All
Scores
Hide
Comments
May contain spoilers
Recently Published
Billboard Blitz: Fleetwood Mac
by CooCooCachoo
Music
15s
Presidents Visiting Landmarks
by Hejman
History
7m
An Introduction to Baseball
by treessimontrees
Sports
5m
More to Explore
Quiz From the Vault
Featured Blog Post
Where Did the Easter Bunny Come From?
hide this ad
You Might Also Like...
Tags
NFL Quiz
Quarterbacks
Super Bowl
Today's Top Quizzes in Sports
Browse Sports
hide this ad
Today's Top Quizzes in NFL
Browse NFL
Top Contributed Quizzes in Sports
1
Les meilleurs buteurs des matchs entre le PSG et l’OM
2
2022 World Cup Stars
3
FIFA Club World Cup Champions
4
Les entraîneurs de l'OM et du PSG au 21e siècle
5
Criteria MLB: Left Handed Sluggers
6
AFC Teams Reveal (Wrong Answers Minefield)
7
5-to-1: UK Sports Teams
8
Name the Premier League winners with different clubs
9
5-to-1: FBS Animal Nicknames
10
Players with Multiple 50 Home Run Seasons
Explore More
Trending Topics
Disney
NBA
Harry Potter
Marvel
Crossword
Anime
Kpop
Country
Soccer
Song
NFL
Puzzle
WWE
Pokémon
The Office
hide this ad
More By:
prs85
Quiz
Plays
Rating
Category
Featured
Created
Quarterbacks with more than 100 starts since 1970
424
4.73
Sports
Dec 5, 2013
NFC Championship losing coaches
300
4.67
Sports
Feb 9, 2011
Stadiums that hosted a World Series and a Super Bowl
282
3.00
Sports
Feb 12, 2014
AFC Championship losing coaches
227
4.67
Sports
Feb 10, 2011
Super Bowl Backup Quarterbacks
124
3.50
Sports
Oct 24, 2012
Go to Creator's Profile
Score Distribution
Quiz Creator Spotlight
prs85
Follow
Send a Message
Quizzes Created
-
Created Quiz Play Count
-
More By This Creator
Popular Quizzes Today
1
Find the US States - No Outlines Minefield
2
Find the Countries of Europe - No Outlines Minefield
3
The Countries of the World
4
Find the US States
5
Risky Map Clicking: Biggest States A-Z
6
US States
7
Popular People in 1961
8
Movies - When Are They Set?
More Sports Quizzes
Top XIs: Romania (1980s/1990s)
Quiz Lab
Trending Quizzes
Risky Map Clicking: Least Populous States A-Z
1-10 Letter G Words
1-10 Letter F Words
Risky Map Clicking: Next State Alphabetically
Risky Map Clicking: Biggest States A-Z
Recently Updated
Leaping Animals
pecheneg
Reality TV Shows (A-Z)
bhenderson79
Rickey Henderson's Hall of Fame Teammates
pecheneg
Champions League XIs: Arsenal
pecheneg
Quick Pick: Celebrities in WWE's Hall of Fame
aduchscher
A-Z Keypad Blitz II
pecheneg
Multiple Oscar Actors
pecheneg
Mystery Phrase Blitz: Oscar 'Best Actors'
pecheneg
F. Scott Fitzgerald Novels
LTH
Pick 3 Villains
ddd62291
Trending Topics
Disney
Marvel
Anime
NBA
Crossword
Kpop
Harry Potter
Puzzle
NFL
Pokémon
WWE
Song
Soccer
Country
The Office
Your Account Isn't Verified!
In order to create a playlist on Sporcle, you need to verify the email address you used during registration. Go to your
Sporcle Settings
to finish the process.
Report this User
Report this user for behavior that violates our
Community Guidelines
.
Details:
Send Report
Go to the Sporcle.com Mobile Site →
Comments